Warrior Cats Books - Original Arc - Statistics

General Stats
  • This quiz has been taken 312 times
    279 since last reset
  • The average score is 6 of 6
Answer Stats
Hint Answer % Correct
Into the ____ Wild
100%
____ and ____ Fire and Ice
97%
A Dangerous ___ Path
95%
Forest of ____ Secrets
95%
The ______ Hour Darkest
93%
_____ Storm Rising
82%
No matching quizzes found
Score Distribution
Percent of People with Each Score
Percentile by Number Answered
Your Score History
You have not taken this quiz since the last reset